[Event "DVM U20 2022"]
[Site "Münster GER"]
[Date "2022.12.27"]
[Round "1"]
[White "Enxing, Philemon"]
[Black "Slutski, Daniel"]
[Result "1-0"]
[Termination "normal"]
[Board "6.5"]
[WhiteElo "1828"]
[BlackElo "1253"]
[WhiteClock "00:17:32"]
[BlackClock "01:07:57"]
[WhiteTeam "Schachgemeinschaft Leipzig"]
[BlackTeam "SC Bavaria Regensburg von 1881 e.V."]
[PlyCount "69"]
[WhiteFideId "16217632"]
[BlackFideId "16292154"]
[EventCountry "GER"]
[EventRounds "7"]
[EventType "team-swiss"]
[EventDate "2022.12.26"]

1. e4 {[%clk 01:30:56]} {[%emt 00:00:03]} c6 {[%clk 01:30:55]} {[%emt
00:00:06]} 2. d4 {[%clk 01:31:21]} {[%emt 00:00:06]} d5 {[%clk 01:31:17]}
{[%emt 00:00:08]} 3. exd5 {[%clk 01:26:18]} {[%emt 00:05:33]} cxd5 {[%clk
01:31:36]} {[%emt 00:00:10]} 4. c4 {[%clk 01:26:42]} {[%emt 00:00:06]} e6
{[%clk 01:30:30]} {[%emt 00:01:36]} 5. Nc3 {[%clk 01:26:49]} {[%emt 00:00:23]}
Bb4 {[%clk 01:30:13]} {[%emt 00:00:47]} 6. Nf3 {[%clk 01:25:48]} {[%emt
00:01:30]} Nc6 {[%clk 01:30:11]} {[%emt 00:00:32]} 7. a3 {[%clk 01:25:02]}
{[%emt 00:01:16]} Bxc3 {[%clk 01:29:33]} {[%emt 00:01:08]} 8. bxc3 {[%clk
01:25:18]} {[%emt 00:00:14]} Qa5 {[%clk 01:29:25]} {[%emt 00:00:38]} 9. Bd2
{[%clk 01:16:38]} {[%emt 00:09:10]} dxc4 {[%clk 01:26:57]} {[%emt 00:02:58]}
10. Bxc4 {[%clk 01:15:52]} {[%emt 00:01:16]} b5 {[%clk 01:25:29]} {[%emt
00:01:58]} 11. Bd3 {[%clk 01:04:10]} {[%emt 00:12:12]} a6 {[%clk 01:25:08]}
{[%emt 00:00:51]} 12. O-O {[%clk 01:03:48]} {[%emt 00:00:51]} Qc7 {[%clk
01:24:37]} {[%emt 00:01:01]} 13. a4 {[%clk 00:58:19]} {[%emt 00:05:59]} Rb8
{[%clk 01:23:08]} {[%emt 00:02:00]} 14. Qe2 {[%clk 00:55:20]} {[%emt 00:03:29]}
Na7 {[%clk 01:21:28]} {[%emt 00:02:09]} 15. Rfb1 {[%clk 00:45:57]} {[%emt
00:09:53]} Bd7 {[%clk 01:20:26]} {[%emt 00:01:32]} 16. d5 {[%clk 00:44:06]}
{[%emt 00:02:21]} Ne7 {[%clk 01:17:13]} {[%emt 00:03:43]} 17. dxe6 {[%clk
00:43:31]} {[%emt 00:01:05]} fxe6 {[%clk 01:16:05]} {[%emt 00:01:38]} 18. axb5
{[%clk 00:41:13]} {[%emt 00:02:48]} axb5 {[%clk 01:14:42]} {[%emt 00:01:53]}
19. Ng5 {[%clk 00:26:31]} {[%emt 00:15:12]} g6 {[%clk 01:08:52]} {[%emt
00:06:21]} 20. Nxe6 {[%clk 00:26:02]} {[%emt 00:00:59]} Qd6 {[%clk 01:08:17]}
{[%emt 00:01:05]} 21. Bf4 {[%clk 00:23:07]} {[%emt 00:03:25]} Qxe6 {[%clk
01:08:23]} {[%emt 00:00:24]} 22. Qxe6 {[%clk 00:23:17]} {[%emt 00:00:20]} Bxe6
{[%clk 01:08:44]} {[%emt 00:00:08]} 23. Bxb8 {[%clk 00:23:41]} {[%emt
00:00:07]} Nac6 {[%clk 01:08:37]} {[%emt 00:00:37]} 24. Bxb5 {[%clk 00:23:21]}
{[%emt 00:00:50]} O-O {[%clk 01:08:44]} {[%emt 00:00:22]} 25. Bd6 {[%clk
00:23:43]} {[%emt 00:00:08]} Rf6 {[%clk 01:08:18]} {[%emt 00:00:57]} 26. Re1
{[%clk 00:21:11]} {[%emt 00:03:02]} Kf7 {[%clk 01:08:02]} {[%emt 00:00:46]} 27.
Bxe7 {[%clk 00:19:32]} {[%emt 00:02:10]} Nxe7 {[%clk 01:08:16]} {[%emt
00:00:16]} 28. Ra6 {[%clk 00:18:40]} {[%emt 00:01:21]} Nd5 {[%clk 01:07:50]}
{[%emt 00:00:56]} 29. Bc4 {[%clk 00:18:30]} {[%emt 00:00:40]} Nf4 {[%clk
01:07:20]} {[%emt 00:01:00]} 30. Bxe6 {[%clk 00:17:03]} {[%emt 00:01:58]} Rxe6
{[%clk 01:07:00]} {[%emt 00:00:50]} 31. Rexe6 {[%clk 00:16:47]} {[%emt
00:00:47]} Nxe6 {[%clk 01:07:17]} {[%emt 00:00:11]} 32. Ra7 {[%clk 00:16:56]}
{[%emt 00:00:22]} Kf6 {[%clk 01:07:38]} {[%emt 00:00:09]} 33. Rxh7 {[%clk
00:17:13]} {[%emt 00:00:12]} Nf4 {[%clk 01:07:46]} {[%emt 00:00:22]} 34. Kf1
{[%clk 00:17:10]} {[%emt 00:00:32]} Nd5 {[%clk 01:07:57]} {[%emt 00:00:19]} 35.
c4 {[%clk 00:17:32]} {[%emt 00:00:09]} 1-0

[Event "DVM U20 2022"]
[Site "Münster GER"]
[Date "2022.12.27"]
[Round "1"]
[White "Waffenschmidt, Lars"]
[Black "Lohr, Maximilian"]
[Result "1-0"]
[Termination "normal"]
[Board "7.1"]
[WhiteTitle "FM"]
[WhiteElo "2287"]
[BlackElo "2133"]
[WhiteTeam "SK Bebenhausen 1992"]
[BlackTeam "FC Ergolding 1932 e.V."]
[PlyCount "103"]
[WhiteFideId "16244656"]
[BlackFideId "12999717"]
[EventCountry "GER"]
[EventRounds "7"]
[EventType "team-swiss"]
[EventDate "2022.12.26"]

1. e4 e5 2. Nf3 Nf6 3. Nxe5 Nxe4 4. Qe2 Qe7 5. Qxe4 d6 6. d4 dxe5 7. dxe5 Nc6
8. Nc3 Qxe5 9. Qxe5 Nxe5 10. Bf4 f6 11. Bxe5 fxe5 12. O-O-O Bd6 13. Bb5 Bd7 14.
Bxd7 Kxd7 15. Ne4 Rad8 16. Rd3 Ke7 17. Rhd1 Rhf8 18. c4 Rf4 19. f3 b6 20. c5
bxc5 21. Ra3 Rff8 22. Rxa7 Ra8 23. Rxa8 Rxa8 24. a3 Ra5 25. Kc2 Kd7 26. Kc3 Kc6
27. Ra1 Be7 28. a4 Ra8 29. b3 h5 30. Rd1 g5 31. Nd2 Rd8 32. Kc2 Rg8 33. Kd3 g4
34. Ke2 Bd6 35. fxg4 Rxg4 36. g3 h4 37. Rg1 e4 38. h3 Rg8 39. g4 Kd5 40. Rd1
Kd4 41. Rc1 Kd5 42. Rc4 Rb8 43. Rxe4 Rxb3 44. Nxb3 Kxe4 45. Nd2 Kd4 46. a5 c4
47. a6 Bc5 48. Nf3 Ke4 49. Nxh4 c3 50. Nf3 Be3 51. Ne1 Bb6 52. g5 1-0

[Event "DVM U20 2022"]
[Site "Münster GER"]
[Date "2022.12.27"]
[Round "1"]
[White "Mooser, Nicolas"]
[Black "Honisch, Alexander"]
[Result "0-1"]
[Termination "normal"]
[Board "7.2"]
[WhiteElo "2095"]
[BlackElo "1988"]
[WhiteTeam "FC Ergolding 1932 e.V."]
[BlackTeam "SK Bebenhausen 1992"]
[PlyCount "66"]
[WhiteFideId "12979406"]
[BlackFideId "16298594"]
[EventCountry "GER"]
[EventRounds "7"]
[EventType "team-swiss"]
[EventDate "2022.12.26"]

1. d4 Nf6 2. c4 g6 3. g3 Bg7 4. Nf3 O-O 5. Bg2 d6 6. O-O Bf5 7. Nc3 Ne4 8. Nxe4
Bxe4 9. Be3 Nd7 10. Qd2 c5 11. Rfd1 Rc8 12. Rac1 a6 13. Bh6 Qb6 14. Bxg7 Kxg7
15. dxc5 Nxc5 16. Bh3 f5 17. Nd4 Rf6 18. b4 Nd7 19. Qc3 e5 20. Nb3 d5 21. Qd2
d4 22. e3 d3 23. Bf1 Nf8 24. Qc3 Ne6 25. Bxd3 Ng5 26. Bxe4 fxe4 27. Nc5 Nh3 28.
Kg2 Rxf2 29. Kxh3 Rxc5 30. Rg1 Qe6 31. g4 Rc7 32. c5 g5 33. Kg3 Rcf7 0-1

[Event "DVM U20 2022"]
[Site "Münster GER"]
[Date "2022.12.27"]
[Round "1"]
[White "Freiherr von Hauff, Christopher"]
[Black "Lichtmannecker, Daniel"]
[Result "0-1"]
[Termination "normal"]
[Board "7.3"]
[WhiteElo "1852"]
[BlackElo "2106"]
[WhiteTeam "SK Bebenhausen 1992"]
[BlackTeam "FC Ergolding 1932 e.V."]
[PlyCount "86"]
[WhiteFideId "16200691"]
[BlackFideId "12979414"]
[EventCountry "GER"]
[EventRounds "7"]
[EventType "team-swiss"]
[EventDate "2022.12.26"]

1. e4 c6 2. d4 d5 3. Nc3 dxe4 4. Nxe4 Bf5 5. Ng3 Bg6 6. Nf3 Nd7 7. h4 h6 8. h5
Bh7 9. Bd3 Bxd3 10. Qxd3 e6 11. Bd2 Ngf6 12. O-O-O Be7 13. Ne4 O-O 14. Nxf6
Nxf6 15. g4 Nxg4 16. Rhg1 f5 17. Qe2 Qe8 18. Ne5 Nxe5 19. dxe5 f4 20. Rg6 Bg5
21. Qc4 Rf5 22. Rxe6 Qf7 23. Qb3 Rd8 24. Re1 Rd5 25. Rd6 Rfxe5 26. Rxe5 Rxe5
27. Rd7 Qxb3 28. axb3 f3 29. Bxg5 hxg5 30. Rd6 Re1 31. Kd2 Re2 32. Kd3 Rxf2 33.
Rg6 Rxc2 34. Rxg5 Rxb2 35. Kc3 Rh2 36. Kd3 Rb2 37. Kc3 Rg2 38. Rf5 f2 39. Kd3
Rg5 40. Rxf2 Rxh5 41. Kd4 Rd5 42. Kc4 g5 43. Rg2 Kg7 0-1

[Event "DVM U20 2022"]
[Site "Münster GER"]
[Date "2022.12.27"]
[Round "1"]
[White "Astner, Sebastian"]
[Black "Giannakoglou, Alexandros"]
[Result "1-0"]
[Termination "normal"]
[Board "7.4"]
[WhiteElo "1973"]
[BlackElo "1353"]
[WhiteTeam "FC Ergolding 1932 e.V."]
[BlackTeam "SK Bebenhausen 1992"]
[PlyCount "111"]
[WhiteFideId "12979422"]
[BlackFideId "4288580"]
[EventCountry "GER"]
[EventRounds "7"]
[EventType "team-swiss"]
[EventDate "2022.12.26"]

1. e4 e6 2. d4 d5 3. e5 Nc6 4. Nf3 Bd7 5. c3 Be7 6. Bd3 f6 7. O-O a6 8. b4 Na7
9. Re1 fxe5 10. dxe5 Bb5 11. Nd4 Qd7 12. Qh5 Kd8 13. Bxh7 c5 14. Qf7 cxd4 15.
Bxg8 Kc7 16. a4 Bc4 17. Qxe6 Rhxg8 18. Qg6 Raf8 19. Qg3 Qf5 20. cxd4 Bxb4 21.
Bd2 Bxd2 22. Nxd2 Qf4 23. Nxc4 Qxg3 24. hxg3 dxc4 25. Rec1 Kb8 26. Rxc4 Nc6 27.
f4 Rd8 28. Kf2 Nxd4 29. g4 g6 30. Ke3 Ne6 31. f5 gxf5 32. gxf5 Nc7 33. g4 Rde8
34. Re4 Nd5 35. Kf3 Nc3 36. Rc4 Nxa4 37. Raxa4 Rxe5 38. Re4 Rc5 39. Rac4 Rxc4
40. Rxc4 b5 41. Rc1 Kb7 42. Kf4 Rc8 43. Rxc8 Kxc8 44. g5 Kd8 45. g6 Ke8 46. f6
Kf8 47. Ke5 b4 48. Ke6 b3 49. g7 Kg8 50. f7 Kxg7 51. Ke7 b2 52. f8=Q Kh7 53.
Qf7 Kh6 54. Kf6 b1=Q 55. Qg7 Kh5 56. Qg5# 1-0

[Event "DVM U20 2022"]
[Site "Münster GER"]
[Date "2022.12.27"]
[Round "1"]
[White "Andrei, Quentin"]
[Black "Ponomarev, Maximilian"]
[Result "0-1"]
[Termination "normal"]
[Board "7.5"]
[WhiteElo "1262"]
[BlackElo "1917"]
[WhiteTeam "SK Bebenhausen 1992"]
[BlackTeam "FC Ergolding 1932 e.V."]
[PlyCount "118"]
[WhiteFideId "16255712"]
[BlackFideId "16216768"]
[EventCountry "GER"]
[EventRounds "7"]
[EventType "team-swiss"]
[EventDate "2022.12.26"]

1. d4 Nf6 2. c4 e6 3. Nc3 Bb4 4. Qc2 b6 5. e4 Bb7 6. Bd3 Nc6 7. Nf3 e5 8. dxe5
Ng4 9. Bf4 Qe7 10. O-O Ngxe5 11. Nxe5 Nxe5 12. Nd5 Bxd5 13. exd5 Nxd3 14. Qxd3
O-O 15. Bxc7 d6 16. a3 Bc5 17. b4 Qxc7 18. bxc5 Qxc5 19. Rfe1 Rac8 20. Re4 Rfe8
21. Rae1 Rxe4 22. Rxe4 b5 23. cxb5 Qxd5 24. Qc2 Qf5 25. g4 Qd7 26. Qe2 Kf8 27.
a4 h5 28. a5 hxg4 29. Rxg4 Rc5 30. Rh4 Re5 31. Re4 Qxb5 32. Rxe5 Qxe5 33. Qa6
Qc5 34. Kf1 g6 35. Qd3 Ke7 36. Qe4 Kf8 37. Qd3 d5 38. a6 Qc4 39. Ke2 Ke7 40.
Ke3 Kd6 41. Qxc4 dxc4 42. Kd4 Kc6 43. Kxc4 Kb6 44. Kd5 Kxa6 45. Kc6 Ka5 46. Kc5
Ka4 47. Kc4 a5 48. h4 f5 49. f4 Ka3 50. Kd5 Kb4 51. Ke5 a4 52. Kf6 a3 53. Kxg6
a2 54. Kxf5 a1=Q 55. h5 Qg7 56. Ke6 Qh6 57. Ke5 Qxh5 58. f5 Qf7 59. f6 Kc5 0-1

[Event "DVM U20 2022"]
[Site "Münster GER"]
[Date "2022.12.27"]
[Round "1"]
[White "Helmbrecht, Paul"]
[Black "Jaksch, Jonas"]
[Result "1-0"]
[Termination "normal"]
[Board "7.6"]
[WhiteElo "1681"]
[BlackElo "1266"]
[WhiteTeam "FC Ergolding 1932 e.V."]
[BlackTeam "SK Bebenhausen 1992"]
[PlyCount "112"]
[WhiteFideId "16270932"]
[BlackFideId "34627790"]
[EventCountry "GER"]
[EventRounds "7"]
[EventType "team-swiss"]
[EventDate "2022.12.26"]

1. e4 c5 2. Nc3 e6 3. Nge2 d6 4. g3 Nf6 5. Bg2 Nbd7 6. O-O Be7 7. d4 cxd4 8.
Nxd4 a6 9. a4 O-O 10. Kh1 Qc7 11. g4 g6 12. h3 Rd8 13. Qe2 e5 14. Nf3 Nc5 15.
Rd1 b6 16. g5 Nh5 17. Nd5 Qb7 18. b4 Ne6 19. Be3 Nhf4 20. Bxf4 Nxf4 21. Nxf4
exf4 22. Qd2 d5 23. Qxf4 Bxb4 24. exd5 Bd6 25. Qf6 Qc7 26. Nd4 Bb7 27. Re1 Re8
28. f4 Bf8 29. Rab1 Bg7 30. Rxe8 Rxe8 31. Qxb6 Re1 32. Rxe1 Qxb6 33. Nc6 Bf8
34. Re8 Kg7 35. Ne5 Bxd5 36. Bxd5 Qb1 37. Kh2 Qxc2 38. Kg3 Qxa4 39. Ra8 Qa3 40.
Kg4 Qe7 41. Rxa6 h5 42. gxh6 Kxh6 43. Bxf7 Kh7 44. Rxg6 Bg7 45. Re6 Qb7 46. Nf3
Qd7 47. Ng5 Kh8 48. Kh5 Qd1 49. Kg6 Qd3 50. f5 Bf8 51. Re4 Qd6 52. Be6 Qg3 53.
Rg4 Qe1 54. Nf3 Qc1 55. Rg5 Bh6 56. Kxh6 Qc7 1-0

[Event "DVM U20 2022"]
[Site "Münster GER"]
[Date "2022.12.27"]
[Round "1"]
[White "Mätzkow, Maximilian Paul"]
[Black "Pralle, Finnegan"]
[Result "1-0"]
[Termination "normal"]
[Board "8.1"]
[WhiteTitle "FM"]
[WhiteElo "2281"]
[BlackElo "1915"]
[WhiteTeam "SC Kreuzberg e.V."]
[BlackTeam "Biebertaler Schachfreunde"]
[PlyCount "49"]
[WhiteFideId "24679933"]
[BlackFideId "12986615"]
[EventCountry "GER"]
[EventRounds "7"]
[EventType "team-swiss"]
[EventDate "2022.12.26"]

1. d4 Nf6 2. Nf3 e6 3. g3 b6 4. Bg2 Bb7 5. O-O Be7 6. c4 d6 7. Nc3 Nbd7 8. Qc2
O-O 9. e4 e5 10. dxe5 dxe5 11. Rd1 Qb8 12. Bg5 c6 13. Rxd7 Nxd7 14. Bxe7 Re8
15. Bg5 f6 16. Be3 Qc7 17. c5 Re7 18. cxb6 Nxb6 19. Rc1 Qd8 20. a4 Kh8 21. a5
Nc4 22. Bc5 Rd7 23. Bh3 Nd2 24. Ne1 Ba6 25. Rd1 1-0

[Event "DVM U20 2022"]
[Site "Münster GER"]
[Date "2022.12.27"]
[Round "1"]
[White "Engländer, Leon Arne"]
[Black "Dathe, Frederick"]
[Result "0-1"]
[Termination "normal"]
[Board "8.2"]
[WhiteElo "1772"]
[BlackElo "2089"]
[WhiteTeam "Biebertaler Schachfreunde"]
[BlackTeam "SC Kreuzberg e.V."]
[PlyCount "44"]
[WhiteFideId "12997226"]
[BlackFideId "12963070"]
[EventCountry "GER"]
[EventRounds "7"]
[EventType "team-swiss"]
[EventDate "2022.12.26"]

1. e4 c5 2. Nc3 Nc6 3. g3 g6 4. Bg2 Bg7 5. d3 Rb8 6. Be3 d6 7. Qd2 b5 8. Nge2
b4 9. Nd1 h5 10. h3 e6 11. O-O Nge7 12. d4 Ba6 13. dxc5 dxc5 14. Qxd8 Rxd8 15.
Re1 O-O 16. Bxc5 Rd2 17. e5 Bxe2 18. Bxc6 Nxc6 19. Bxf8 Bxf8 20. Ne3 Nxe5 21.
Kg2 Bc5 22. g4 h4 0-1

[Event "DVM U20 2022"]
[Site "Münster GER"]
[Date "2022.12.27"]
[Round "1"]
[White "Hommel, Niclas"]
[Black "Peschel, Julia"]
[Result "1-0"]
[Termination "normal"]
[Board "8.3"]
[WhiteElo "2002"]
[BlackElo "1534"]
[WhiteTeam "SC Kreuzberg e.V."]
[BlackTeam "Biebertaler Schachfreunde"]
[PlyCount "63"]
[WhiteFideId "12974927"]
[BlackFideId "16255593"]
[EventCountry "GER"]
[EventRounds "7"]
[EventType "team-swiss"]
[EventDate "2022.12.26"]

1. e4 e5 2. Nf3 Nc6 3. Bc4 Bc5 4. b4 Bb6 5. a4 a6 6. c3 Nf6 7. d3 d6 8. O-O O-O
9. Nbd2 Be6 10. Bxe6 fxe6 11. Ba3 Qe8 12. Nc4 Ne7 13. Nxb6 cxb6 14. b5 Qd7 15.
Re1 Rfc8 16. Qb3 Ng6 17. Rad1 axb5 18. axb5 Ra5 19. Bb4 Ra7 20. d4 exd4 21.
Rxd4 d5 22. exd5 exd5 23. c4 Rd8 24. cxd5 Qxb5 25. d6 Kh8 26. h4 Raa8 27. Ng5
Ne5 28. Rxe5 Ra1 29. Rd1 Rxd1 30. Qxd1 Qxb4 31. Nf7 Kg8 32. Nxd8 1-0

[Event "DVM U20 2022"]
[Site "Münster GER"]
[Date "2022.12.27"]
[Round "1"]
[White "Grunwald, Jonathan"]
[Black "Fock, Amina"]
[Result "0-1"]
[Termination "normal"]
[Board "8.4"]
[WhiteElo "1791"]
[BlackElo "1827"]
[WhiteTeam "Biebertaler Schachfreunde"]
[BlackTeam "SC Kreuzberg e.V."]
[PlyCount "92"]
[WhiteFideId "12955744"]
[BlackFideId "12981982"]
[EventCountry "GER"]
[EventRounds "7"]
[EventType "team-swiss"]
[EventDate "2022.12.26"]

1. e4 c5 2. Nc3 Nc6 3. f4 g6 4. Nf3 Bg7 5. Bb5 Nd4 6. O-O Nxb5 7. Nxb5 d5 8. d3
a6 9. Nc3 dxe4 10. dxe4 Qxd1 11. Rxd1 Bxc3 12. bxc3 Nf6 13. e5 Ne4 14. Re1 Nxc3
15. e6 f6 16. Bd2 Nb5 17. Ba5 O-O 18. Rad1 Nd6 19. Bb6 Nf5 20. Bxc5 Re8 21. g4
Ng7 22. Nd4 b5 23. f5 Bb7 24. a4 Rac8 25. Ba3 bxa4 26. Kf2 Kf8 27. g5 Nh5 28.
gxf6 Nxf6 29. Rg1 Be4 30. Bc1 Kg7 31. fxg6 hxg6 32. Rd2 Rc3 33. Bb2 Rh3 34. Ke1
Rb8 35. c4 a3 36. Ba1 Rb1 37. Rd1 Rxh2 38. Rxb1 Bxb1 39. Rg3 a2 40. c5 Rh1 41.
Kd2 Be4 42. c6 Rxa1 43. Nb3 Rh1 44. c7 Rh8 45. Rg1 Rc8 46. Ra1 Bb1 0-1

[Event "DVM U20 2022"]
[Site "Münster GER"]
[Date "2022.12.27"]
[Round "1"]
[White "Rose, Luis Stratos"]
[Black "Koleber, Ksenia Alexandra"]
[Result "1-0"]
[Termination "normal"]
[Board "8.5"]
[WhiteElo "1651"]
[BlackElo "1403"]
[WhiteTeam "SC Kreuzberg e.V."]
[BlackTeam "Biebertaler Schachfreunde"]
[PlyCount "47"]
[WhiteFideId "12976008"]
[BlackFideId "16271130"]
[EventCountry "GER"]
[EventRounds "7"]
[EventType "team-swiss"]
[EventDate "2022.12.26"]

1. d4 d5 2. Bf4 Nf6 3. Nf3 Bf5 4. e3 e6 5. Bd3 Bxd3 6. Qxd3 c5 7. c3 c4 8. Qc2
Qb6 9. Nbd2 Bd6 10. Bg3 O-O 11. e4 Bxg3 12. hxg3 h6 13. e5 Nh7 14. g4 f6 15.
exf6 Rxf6 16. g5 Nxg5 17. Nxg5 hxg5 18. Qh7 Kf7 19. O-O-O Qd6 20. g3 e5 21. Qh5
Rg6 22. dxe5 Qxe5 23. f4 Qe3 24. f5 1-0

[Event "DVM U20 2022"]
[Site "Münster GER"]
[Date "2022.12.27"]
[Round "1"]
[White "Peschel, Jan"]
[Black "Held, Momme Fredrik"]
[Result "0-1"]
[Termination "normal"]
[Board "8.6"]
[WhiteElo "1516"]
[BlackElo "1751"]
[WhiteTeam "Biebertaler Schachfreunde"]
[BlackTeam "SC Kreuzberg e.V."]
[PlyCount "68"]
[WhiteFideId "16271629"]
[BlackFideId "16237692"]
[EventCountry "GER"]
[EventRounds "7"]
[EventType "team-swiss"]
[EventDate "2022.12.26"]

1. e4 c5 2. c3 g6 3. Bd3 Bg7 4. Bc2 Nc6 5. Nf3 e5 6. d3 Nge7 7. Be3 d6 8. d4
exd4 9. cxd4 Qb6 10. Bc1 Nxd4 11. Nbd2 Qa6 12. Nxd4 Bxd4 13. Nf3 Bg7 14. Bd3
Qb6 15. O-O O-O 16. Rb1 d5 17. b3 Rd8 18. Qc2 Nc6 19. Re1 Nb4 20. Qe2 Nxd3 21.
Qxd3 dxe4 22. Qe3 Bf5 23. Nd2 Bd4 24. Nc4 Bxe3 25. Nxb6 Bxf2 26. Kxf2 axb6 27.
Rb2 Kg7 28. h3 Re8 29. Rd2 h5 30. a3 Rad8 31. Rxd8 Rxd8 32. g4 hxg4 33. hxg4
Bxg4 34. Rxe4 Be6 0-1